000 00216nam a2200097Ia 4500
008 240625s9999 xx 000 0 und d
041 _aeng
100 _aINDIA TODAY
245 _aGUJARAT THE POWERHOUSE
260 _c1909
999 _c34408
_d34408